Thiết kế qui trình xử lý nước thải cho công ty TNHH Hải Sản Việt Hải : Luận văn tốt nghiệp Đại học
Đề tài nghiên cứu nhằm tìm ra giải pháp để cải tiến hệ thống xử lý hiện tại, nâng hiệu xuất xử lý hoặc thiết kế một hệ thống xử lý nước thải mới, sao cho nước thải đầu ra đạt tiêu chuẩn nước thải loại A....
Tallennettuna:
| Päätekijä: | |
|---|---|
| Aineistotyyppi: | Kirja |
| Kieli: | Undetermined |
| Julkaistu: |
Cần Thơ
Trường Đại học Cần Thơ
2003
|
| Aiheet: | |
| Tagit: |
Lisää tagi
Ei tageja, Lisää ensimmäinen tagi!
|
| Thư viện lưu trữ: | Trung tâm Học liệu Trường Đại học Cần Thơ |
|---|
| LEADER | 01217nam a2200217Ia 4500 | ||
|---|---|---|---|
| 001 | CTU_143267 | ||
| 008 | 210402s9999 xx 000 0 und d | ||
| 082 | |a 628.4 | ||
| 082 | |b Tr431 | ||
| 088 | |a 1980671 | ||
| 100 | |a Trần, Tự Trọng | ||
| 245 | 0 | |a Thiết kế qui trình xử lý nước thải cho công ty TNHH Hải Sản Việt Hải : | |
| 245 | 0 | |b Luận văn tốt nghiệp Đại học | |
| 245 | 0 | |c Trần Tự Trọng; Lê Hoàng Việt, Nguyễn Xuân Hoàng (Giáo viên hướng dẫn) | |
| 260 | |a Cần Thơ | ||
| 260 | |b Trường Đại học Cần Thơ | ||
| 260 | |c 2003 | ||
| 520 | |a Đề tài nghiên cứu nhằm tìm ra giải pháp để cải tiến hệ thống xử lý hiện tại, nâng hiệu xuất xử lý hoặc thiết kế một hệ thống xử lý nước thải mới, sao cho nước thải đầu ra đạt tiêu chuẩn nước thải loại A. | ||
| 650 | |a Environmental sciences,Liquid wastes,Khoa học môi trường,Chất thải nước | ||
| 904 | |i Trọng Hải | ||
| 980 | |a Trung tâm Học liệu Trường Đại học Cần Thơ | ||